|
|
|
|
| LEADER |
00748cam a2200241 a 4500 |
| 001 |
0000141615 |
| 005 |
20141218090000.0 |
| 040 |
|
|
|a mod
|
| 041 |
|
|
|a eng
|
| 020 |
0 |
0 |
|a 9781741045819
|
| 090 |
0 |
0 |
|a 499.21183421
|b QUI
|e 2008
|
| 100 |
1 |
0 |
|a Quinn
|h Aurora
|
| 245 |
1 |
0 |
|a Filipino
|c Aurora Quinn
|
| 250 |
0 |
0 |
|a 4th ed.
|
| 260 |
0 |
0 |
|a Footscray, Vic.
|b Lonely Planet
|c 2008
|
| 300 |
|
|
|a 259 p.
|b ill.
|c 14 cm
|
| 440 |
0 |
0 |
|a Lonely Planet phrasebooks
|
| 500 |
0 |
0 |
|a Includes index
|
| 650 |
0 |
0 |
|a Tagalog language
|x Spoken Tagalog
|
| 650 |
0 |
0 |
|a Filipino language
|x Conversation and phrase books
|x English
|
| 650 |
0 |
0 |
|a Tagalog language
|x Conversation and phrase books
|x English
|
| 852 |
0 |
0 |
|a 01
|
| 999 |
|
|
|a 0297185
|b MAWILLA II
|d BOOKS
|e Rujukan
|f MAWILLA 2
|j AVAILABLE
|q GOOD CONDITION
|